| 000 | 01030cad a22002295a 4500 | ||
|---|---|---|---|
| 001 | E148955 | ||
| 008 | 091203s2009 xxu f 000 0 eng d | ||
| 035 | _a(Sirsi) u148955 | ||
| 041 | 0 | _aeng | |
| 050 | 0 | 4 | _a333.33 $2 18 |
| 110 | 2 |
_aJones Lang LaSalle _93755 |
|
| 245 | 0 | 0 |
_aOn.point, Americas research _bNorth America occupier report Q3 2009 _h[electronic resource] |
| 260 |
_a[S.l.] _bJones Lang Lasalle _c2009 |
||
| 490 | 0 |
_aOn.Point _bAmericas Research |
|
| 520 | _aSuggests that although the rise in unemployment has slowed, the labour market remains weak, and this will have a negative impact on rents and vacancy rates in 2010. This offers opportunities for occupiers to reduce costs or improve the quality of their accommodation. | ||
| 521 | _aAdvanced | ||
| 590 | _aKA | ||
| 651 | 4 |
_aUnited States _y1959- |
|
| 690 | _aPROPERTY-COMMERCIAL PROPERTY-COMMERCIAL PROPERTY MARKET | ||
| 856 | 4 | 0 |
_uhttps://www.us.am.joneslanglasalle.com _zView the report free of charge at www.us.am.joneslanglasalle.com... |
| 942 | _n0 | ||
| 999 |
_c110302 _d110302 |
||